<?xml version="1.0" encoding="UTF-8"?>
<record
    xmlns:xsi="http://www.w3.org/2001/XMLSchema-instance"
    xsi:schemaLocation="http://www.loc.gov/MARC21/slim http://www.loc.gov/standards/marcxml/schema/MARC21slim.xsd"
    xmlns="http://www.loc.gov/MARC21/slim">

  <leader>00711nam a2200181Ia 4500</leader>
  <controlfield tag="003">IN-BaIIA</controlfield>
  <controlfield tag="008">211028s9999    xx            000 0 eng d</controlfield>
  <datafield tag="040" ind1=" " ind2=" ">
    <subfield code="c">IIA Library</subfield>
  </datafield>
  <datafield tag="080" ind1=" " ind2=" ">
    <subfield code="a">515.5</subfield>
    <subfield code="b">ISR</subfield>
  </datafield>
  <datafield tag="110" ind1=" " ind2=" ">
    <subfield code="a">Indian Space Research Organisation</subfield>
    <subfield code="9">22242</subfield>
  </datafield>
  <datafield tag="111" ind1=" " ind2=" ">
    <subfield code="a">National Space Science Symposium</subfield>
    <subfield code="c">India</subfield>
    <subfield code="d">1982 Feb. 3-6</subfield>
    <subfield code="9">22243</subfield>
  </datafield>
  <datafield tag="245" ind1=" " ind2="0">
    <subfield code="a">Compilation of abstracts of contributed papers- Ionosphere and magnetosphere</subfield>
    <subfield code="b">vol. 2, National Space Science Symposium held in Bangalore, India, 3-6, Ferbruary 1982</subfield>
    <subfield code="c">Indian Space Research Organisation</subfield>
  </datafield>
  <datafield tag="260" ind1=" " ind2=" ">
    <subfield code="a">Bangalore</subfield>
    <subfield code="b">HAL Printing Press</subfield>
    <subfield code="c">1982</subfield>
  </datafield>
  <datafield tag="300" ind1=" " ind2=" ">
    <subfield code="a">170-365p</subfield>
  </datafield>
  <datafield tag="650" ind1=" " ind2=" ">
    <subfield code="a">Ionosphere, magnetosphere</subfield>
    <subfield code="9">22244</subfield>
  </datafield>
  <datafield tag="710" ind1=" " ind2=" ">
    <subfield code="a">ISRO </subfield>
    <subfield code="9">22245</subfield>
  </datafield>
  <datafield tag="942" ind1=" " ind2=" ">
    <subfield code="c">BK</subfield>
  </datafield>
  <datafield tag="999" ind1=" " ind2=" ">
    <subfield code="c">12701</subfield>
    <subfield code="d">12701</subfield>
  </datafield>
  <datafield tag="952" ind1=" " ind2=" ">
    <subfield code="0">0</subfield>
    <subfield code="1">0</subfield>
    <subfield code="4">0</subfield>
    <subfield code="7">0</subfield>
    <subfield code="a">BAN</subfield>
    <subfield code="b">BAN</subfield>
    <subfield code="c">GEN</subfield>
    <subfield code="d">1998-10-08</subfield>
    <subfield code="l">0</subfield>
    <subfield code="o">515.5/ISR</subfield>
    <subfield code="p">13618</subfield>
    <subfield code="r">2021-11-05</subfield>
    <subfield code="w">1998-10-08</subfield>
    <subfield code="y">BK</subfield>
  </datafield>
</record>
